Normal view
MARC view
- Robot vision
Entry Topical Term
001 - CONTROL NUMBER
- control field: 99231
003 - CONTROL NUMBER IDENTIFIER
- control field: NUST
005 - DATE AND TIME OF LATEST TRANSACTION
- control field: 20221006100640.0
008 - FIXED-LENGTH DATA ELEMENTS
- fixed length control field: 221006|| aca||aabn | a|a d
040 ## - CATALOGING SOURCE
- Original cataloging agency: NUST
- Transcribing agency: NUST
150 ## - HEADING--TOPICAL TERM
- Topical term or geographic name entry element: Robot vision
670 ## - SOURCE DATA FOUND
- Source citation: Work cat.: (NUST)175902: Haralick, Robert M. 39296, Computer and robot vision /, c1992-c1993.
